| 000 -LEADER |
| fixed length control field |
00764nam a22001097a 4500 |
| 008 - FIXED-LENGTH DATA ELEMENTS--GENERAL INFORMATION |
| fixed length control field |
150914b xxu||||| |||| 00| 0 eng d |
| 100 ## - MAIN ENTRY--AUTHOR'S NAME |
| Author's Name |
Miller, Jerry H. |
| 245 ## - TITLE STATEMENT |
| Title |
From Hinrichsen to Krag |
| Remainder of title |
the experimental and early machine postmarks of Germany (1866 until 1906) |
| 250 ## - EDITION STATEMENT |
| Edition statement |
Second Edition |
| 260 ## - PUBLICATION, DISTRIBUTION, ETC. (IMPRINT) |
| Name of publisher, distributor, etc. |
Germany Philatelic Society |
| Date of publication, distribution, etc. |
2008 |
| 650 ## - TOPICAL TERM (Tag) |
| Topical term or geographic name |
Germany | Machine Cancels | Postal Markings | Post Office Equipment | Postal History | 19th Century | 20th Century | ca. 1866-1924 | German States | Covers | Hinrichsen, Robert | Haller, George | Hoster, Albert | Bickerdike Machine Cancels | Canadian Postal Supply Company | Columbia Postal Supply Company | International Postal Supply Company | Ruettger, Carl | Krag, Nils | Krag | Bibliographies | Great Britain |